000 00885nam a22001337a 4500
040 _cRUA
082 _aAVM NOU 2010 B091 Or.1
100 _aNOUN, KIMSAN.
245 _aEffect of using water hyacinth by supplementation of cassa va hay on protozoa population in rumen of local ''yellow'' cattle at rua, ឥទ្ធិពលនៃការប្រើប្រាស់កំប្លោកដោយបន្ថែមស្លឹកដំឡូងមីក្រៀមមលើចំនួនប្រូតូសូអ៊ែនៅក្នុងពោះធំរបស់ពូជគោក្នុងស្រុក នៅស្ថានីយ៍ពិសោធន្៍សត្វ ស.វ.ភ.ក.
260 _aphnom phen
_bRUA
_c2010
300 _aIX,35p.
_bill.
_c29cm.
856 _uhttps://drive.google.com/file/d/1EKwCOjAhi5o-MKurEBi_Bzfa0QeJQ16e/view?usp=sharing
942 _cAVM
999 _c2402
_d2402